Les émissions de télévision - Statistiques

Statistiques générales
  • Ce quiz a été pris 228 fois
  • Le résultat moyen est 15 sur 26
Statistiques - réponses
Par images Réponse % Correct
Fort Boyard
91%
Burger Quiz
90%
Koh Lanta
89%
C'est pas sorcier
84%
Pekin Express
83%
E=m6
80%
Le Bigdil
79%
Des chiffres et des lettres
76%
L'amour est dans le pré
76%
Star Academy
74%
Les enfants de la télé
73%
Affaire conclue
67%
L'école des fans
63%
D&CO
60%
Attention à la marche
57%
Une Famille en or
56%
Les Guignols de l'info
48%
Secret d'histoire
48%
C à vous
46%
Club Dorothée
33%
C'est du propre
31%
Le Grand journal
26%
Ca se discute
25%
Le dessous des cartes
18%
Belle toute nue
16%
Des Trains pas comme les autres
14%
Aucun quiz correspondant
Distribution des résultats
% des personnes avec chaque résultat
Percentile par nombre de réponses
Votre historique - résultats
Vous n’avez pas pris ce quiz